000 01022nam a2200313Ia 4500
003 OSt
005 20220912150553.0
006 a|||||r|||| 00| 0
007 ta
008 220909b |||||||| |||| 00| 0 eng d
020 _a0521564387 (pbk)
024 _a11240
037 _bN R,
037 _cTextual
040 _aCSL
_beng
_cCSL
041 _aeng
082 _aY7:(G:7), N9
100 _aBogin Barry
245 0 _aPatterns of human growth by Barry Bogin
250 _aEd 2
260 _aNew York
_b Cambridge University Press
_c1999
300 _axiv, 455p
500 _aGlossary 399-408p; Bibliographical references 409-441p; Index 442-455p; ^n23/CSL/Y17/2003-2004/1007^d2003-11-12^mPurchase; ; 2003-04/616^b2003-12-17^c116/03^d2003-12-11^eRs.8,608.00^fN R Book Distributors; ; 2003-02-04^bSB^c2003-02-04^dVinay
650 _a Biology
650 _a Development
650 _aAnthropology
942 _hY7:(G:7), N9
_cTEXL
_2CC
999 _c50379
_d50379